000 00693nam a22002177a 4500
003 DO-SdBNP
005 20211015095720.0
007 ta
008 210617b 2021 dr a p 00| 0 eng d
020 _a9789945096699
040 _aDO-SdBNP
_bspa
_cBNPHU
100 1 _a:Féliz Corporán, Keren Miledys,
_978890
_d1974-
245 1 0 _aLíricas del alma /
_cKeren Miledys Féliz Corporán.
260 _aSanto Domingo :
_b[s. n.],
_c2021.
300 _aix, 89 p. :
_bil. ;
_c21 cm.
500 _aIncluye datos biográficos de la autora
590 _aInventariado, 2021 /LP
590 _aLa biblioteca posee 1 ejemplar autografiado por la autora
910 _aLopérez
942 _2ddc
_cLBS1
999 _c49946
_d49946